000 00426nam a2200205Ia 4500
001 14410
003 GE_BSU
008 181216s||||||||xx |||||||||||||| ||und||
020 _a9781407584652
040 _cGE_BSU
080 _a821.111-3
100 _aKing,M.C.
245 _aG'day Sydney!
260 _aNew York
260 _bParragon
260 _c2010
300 _a77p.20cm.
653 _aG'day Sydney!
942 _cBK
999 _c47546
_d47546